00249nam a2200097Ia 4500008004100000100001800041245003600059260003300095300001000128650001300138190216s9999||||xx |||||||||||||| ||und|| aSteven C Ross 0aUnderstanding And Using Dbaseiv bJaico Publishing Housec1990 a1-14p aComputer